• 首页
  • 本馆介绍
  • 公告通知
  • 最新文献
  • 馆藏检索
  • 电子资源
  • 读者导购
  • 参考咨询
  • 我的图书馆
  • 登录
  • 详细信息显示
  • 放入我的书架
  • 预约/预借图书
  • 作者相关作品
  • 分类相关作品
  • 丛书相关作品
  • 出版社相关作品

书目信息

  • 表格格式
  • 工作单格式
  • 卡片格式
题名:
世界奇观
    
 
作者: ;《课外学习》编辑部 编
分册:  
出版信息: 北京   外语教学与研究出版社  1982
页数: 196页
开本: 19cm
丛书名: 课外学习丛书
单 册:
中图分类: C49
科图分类:
主题词: 社会科学--普及读物
电子资源:
ISBN:
000 00701nam2 2200253 45
001 0182004265
005 20050614164617.6
010    @dCNY0.47
091    @a7215.31
100    @a19950605d1982 em y0chiy0121 ea
101 0  @achi
102    @aCN@b110000
105    @ay z 000yy
200 10 @a世界奇观@Ashi jie qi guan@f《课外学习》编辑部编@F《Ke Wai Xue Xi》BianJi Bu Bian
210    @a北京@c外语教学与研究出版社@d1982
215    @a196页@d19cm
225 2  @a课外学习丛书
410  0 @120010@a课外学习丛书
606 0  @a社会科学@x普及读物
690    @aC49@v3
711 02 @a《课外学习》编辑部@4编
801  0 @aCN@b上海图书馆@c20040505
801  2 @aCN@bNLC@c20040505
905    @dC49@e13@f1@b84802
    
    世界奇观/《课外学习》编辑部编.-北京:外语教学与研究出版社,1982
    196页;19cm.-(课外学习丛书)
    
    
    ISBN :CNY0.47
    
●
相关链接 在E读中查询图书 在五车中查询图书 在当当中查询图书 在豆瓣中查询图书


正题名:世界奇观     索取号:C49/13         预约/预借

序号 登录号 条形码 馆藏地/架位号 状态 备注
1 0084800   001121440   密集书库/ [索取号:C49/13] 在馆    
2 0084802   001121468   第一样本阅览室/ [索取号:C49/13] 在馆    
3 0168797   001121636   密集书库/ [索取号:C49/13] 在馆    
4 0168798   001121459   密集书库/ [索取号:C49/13] 在馆    
唐山师范学院图书馆 欢迎您!
大连网信软件有限公司© 版权所有